| 000 | 00782nam a22002777a 4500 | ||
|---|---|---|---|
| 001 | BR9705129 | ||
| 003 | BR-BrBNA | ||
| 005 | 20230928095747.0 | ||
| 007 | ta | ||
| 008 | 230509b bl.||||| |||| 00| 0 por d | ||
| 040 |
_aBR-BrBNA _bpor _cBiblioteca Nacional de Agricultura |
||
| 041 | _a(Por) | ||
| 072 |
_aL01 _b7100 |
||
| 090 | _ 7100 BR9705129 | ||
| 100 | 1 | _aFarias, A.D. de | |
| 110 | 1 | _aAssociacao Riograndense de Empreendimentos de Assistencia Tecnica e Extensao Rural, Porto Alegre, RS (Brasil) | |
| 245 | 1 | _aApicultura; referencial tecnico | |
| 260 | 3 |
_aPorto Alegre, RS (Brasil): _c1997. |
|
| 300 | _a28 p. | ||
| 650 | _aAbelha | ||
| 650 | _aCriacao | ||
| 650 | _aManejo | ||
| 650 | _aProducao Animal | ||
| 909 |
_a202309 _bLucia _c55 _dLucia Elande |
||
| 942 | _cBK | ||
| 999 |
_c58510 _d58510 |
||